Responses for Show #2072 - Tuesday, September 14, 1993

John Cuthbertson game 1.

Contestants

[<< previous game]

John Cuthbertson, a physicist originally from Liberty, Missouri

Laurie Zelesenikar, a director of administration from Minneapolis, Minnesota

Paul Spudis, a geologist from Friendswood, Texas

[next game >>]

Jeopardy! Round responses

HEADLINES
SPORTS TROPHIES
POTENT POTABLES
FISH
AROUND THE HOUSE
OOPS!
(Alex: [Pronounces category like "OPES"] This last category is one we manage to include on our Jeopardy! programs once each season. We don't like to have it on more than once because it is an admission of error on our part. These are mistakes we have made and that our viewers have caught us on and written us about. And so we are, uh, only too happy to acknowledge the fault publicly.)
    $100 6
San Francisco

Paul
    $100 17
hockey

John
    $100 14
whiskey

John
    $100 11
catfish

John
    $100 21
a threshold

John
    $100 1
(Alex: Paul, you won the toss. You select first.)
(Paul: I'll try OOPS! for $100, please.)
[Paul pronounces the category with the same vowel sound as in "foot".]
[NOTE: The referenced clue was STATE CAPITALS $200 in show #2006, aired 1993-05-03.]

Denver

John
    $200 7
(John: Who is Lincoln?)
[Accepted without remark]

Lincoln's being shot

John
    $200 18
the Indianapolis 500

Paul
    $200 26
the wassail drink

Laurie
    $200 12
the dorsal

John
    $200 22
a transom

John
    $200 2
(John: I'll try OOPS! for $200, please.)
[John pronounces the category with the same vowel sound as in "moot".]
[NOTE: The referenced clue was WASHINGTON, D.C. $500 in show #1906, aired 1992-12-14.]

Whistler

John
    $300 8
a corset

John
    $300 19
the Heisman Trophy

Paul
    $300 27
chartreuse

Laurie
    $300 13
(John: What is tuna?)
...
(Alex: You're right, you're on the board. Select.)
(Laurie: Yay.)

snapper

LaurieJohn
    $300 23
a futon

John
    $300 3
[NOTE: The referenced Final Jeopardy! clue was in the category FICTIONAL CHARACTERS in show #1891, aired 1992-11-23.]

Sherlock Holmes

Paul
    $400 9
Chicago

Paul
    $400 20
(Laurie: What is Wimbledon?)
...
(Alex: Laurie realizes now that the important word in the clue was "international"...)

the Davis Cup

Laurie
Triple Stumper
    $400 28
(Alex: One more clue-- [looks at board] --actually, we have two more clues. Laurie? Your choice.)

gin

Triple Stumper
    $600 15
Death Valley

John
    $400 24
a fireplace

Triple Stumper
    $400 4
[NOTE: The referenced clue was TV THEME SONGS $200 in show #1939, aired 1993-01-28.]

the Jetsons

Paul
    $500 10
the League of Nations

John
    $500 30
(Alex: Larry O'Brien was commissioner of the NBA, and hence it is the trophy for [*].)

professional basketball

Triple Stumper
    $500 29
(John: What is a coconut?)

pineapple

John
Triple Stumper
    $500 16
fry

John
    $500 25
a Parsons table

Laurie
    $500 5
[NOTE: The referenced clue was DISNEYLAND $400 in show #1954, aired 1993-02-18.]

Captain EO

John

Scores at the first commercial break (after clue 15):

Paul Laurie John
$1,200 $300 $2,500

Scores at the end of the Jeopardy! Round:

Paul Laurie John
$1,700 $900 $3,200

Double Jeopardy! Round responses

COUNTRIES OF THE WORLD
MUSIC APPRECIATION
BUSINESS & INDUSTRY
MEDICAL ABBREVIATIONS
CLASSIC NOVELS
POPES
    $200 6
Cuba

Paul
    $200 11
the Messiah

Paul
    $200 1
Atlanta

Paul
    $200 21
the intensive care unit

Paul
    $200 16
War and Peace

Paul
    $200 26
Pope John Paul II

Paul
    $400 7
Greece

Paul
    $400 12
yodeling

Paul
    $400 2
KLM

Paul
    $400 22
prognosis

Paul
    $400 17
The Brothers Karamazov

Triple Stumper
    $400 27
Pope John Paul I

Paul
    $600 8
Madagascar

John
    $600 13
Wagner

John
    $600 3
Pittsburgh

Paul
    $600 23
the ears, nose & throat

John
    $600 18
Wakefield

Paul
    $600 28
(Alex: Yes, we're hearing a lot of your name in this one, aren't we?)

Paul VI

Paul
    $800 9
El Salvador

John
    $800 14
(Alex: Our second attempt this year at cutesy humor.)

the Baroque

Paul
    $800 4
General Mills

Paul
    $800 24
conditioned response (or conditioned reflex)

John
    $800 19
Jude the Obscure

Paul
    $800 29
Avignon

John
    $1000 10
Finland

John
    $1000 15
India

Triple Stumper
    $1000 5
Anheuser-Busch

John
    $1000 25
twice a day

Laurie
    $1000 20
the Golden Bowl

Triple Stumper
    $1,000 30
the Jesuits (the Society of Jesus)

John

Scores at the end of the Double Jeopardy! Round:

Paul Laurie John
$9,100 $1,900 $10,400

[wagering suggestions for these scores]

Final Jeopardy! Round responses

SCIENTISTS
(Alex: [Laughs reading Laurie's response] That is our third attempt at cutesy humor early in this tenth season.)
LaurieWho were Laurel & Hardy?
$700
PaulWho was Einstein and Rutherford?
$9,100
JohnWho were Fermi and Einstein?
$8,000
Albert Einstein & Enrico Fermi

Final scores:

Paul Laurie John
$0 $1,200 $18,400
3rd place: Gibson food freezer + the Jeopardy! home game 2nd place: Lloyd/Flanders Heirloom Series all-weather wicker furniture + Ducane 2002S gas grill + the Jeopardy! home game New champion: $18,400

Game dynamics:

Coryat scores:

Paul Laurie John
$9,100 $1,900 $10,200
23 R,
0 W
5 R,
1 W
24 R
(including 3 DDs),
2 W

Combined Coryat: $21,200

[game clues] [game scores] [suggest correction]

Game tape date: 1993-07-20
The J! Archive is created by fans, for fans. Scraping, republication, monetization, and malicious use prohibited; this site may use cookies and collect identifying information. See terms. The Jeopardy! game show and all elements thereof, including but not limited to copyright and trademark thereto, are the property of Jeopardy Productions, Inc. and are protected under law. This website is not affiliated with, sponsored by, or operated by Jeopardy Productions, Inc. Join the discussion at JBoard.tv.